| 000 | 00365nam a2200157Ia 4500 | ||
|---|---|---|---|
| 008 | 210716s2002 xx 000 0 und d | ||
| 020 | _a0761997180 | ||
| 041 | _aeng | ||
| 082 | _a174.4 SEKR | ||
| 100 | _aSekhar, R C. | ||
| 245 | _aEthical choices in business. | ||
| 250 | _a2 | ||
| 260 |
_aNew Delhi _bResponse Books _c2002 |
||
| 300 | _a308 | ||
| 650 | _aNone | ||
| 999 |
_c211438 _d211438 |
||